[Event "Peer Gynt"]
[Site "Gausdal NOR"]
[Date "1990.??.??"]
[Round "3"]
[White "Schmittdiel, Eckhard"]
[Black "Tisdall, Jonathan D"]
[Result "1/2-1/2"]
[WhiteElo "2455"]
[BlackElo "2480"]
[PlyCount "54"]
[EventDate "1990.07.??"]
[Source "www.chesslib.no"]
[SourceDate "2004.05.04"]

1. e4 e5 2. Nf3 Nc6 3. Bb5 a6 4. Ba4 d6 5. Bxc6+ bxc6 6. d4 exd4 7. Nxd4 c5 8. Ne2 Bb7 9. Nbc3 g6 10. Be3 Bg7 11. Qd2 Nf6 12. f3 Nd7 13. Bg5 Bf6 14. h4 h6 15. Bxf6 Qxf6 16. O-O-O Nb6 17. Nf4 O-O 18. Nfd5 Bxd5 19. Nxd5 Nxd5 20. Qxd5 Rab8 21. c3 Rb5 22. Kc2 Rfb8 23. b3 a5 24. Qc4 Qe6 25. Qxe6 fxe6 26. Rb1 e5 27. Rb2 Kf7 1/2-1/2

[Event "4. EU ch.final"]
[Site "IV EU ch.final"]
[Date "1995.??.??"]
[Round "?"]
[White "Zanetti, A."]
[Black "Mularczyk/POL"]
[Result "1/2-1/2"]
[WhiteElo "2480"]
[BlackElo "2455"]
[PlyCount "82"]
[EventDate "1995.??.??"]
[Source "www.chesslib.no"]
[SourceDate "2004.05.04"]

1. e4 e5 2. Nf3 Nc6 3. Bb5 a6 4. Ba4 d6 5. Bxc6+ bxc6 6. d4 exd4 7. Qxd4 c5 8. Qd3 Bb7 9. Nc3 Be7 10. Bf4 Nf6 11. O-O-O O-O 12. e5 dxe5 13. Bxe5 Qxd3 14. Rxd3 Ng4 15. Bg3 Bd6 16. Bxd6 cxd6 17. Rxd6 Nxf2 18. Re1 Ng4 19. h3 Nf2 20. Nd2 Rfe8 21. Rf1 Ne4 22. Ndxe4 Bxe4 23. Nxe4 Rxe4 24. Kd2 Kf8 25. Re1 Ke7 26. Rd5 Rxe1 27. Kxe1 Rc8 28. Kd2 Ke6 29. c4 Rc6 30. Kc3 f5 31. a3 a5 32. b4 axb4+ 33. axb4 cxb4+ 34. Kxb4 Rb6+ 35. Kc3 f4 36. Rd2 g5 37. c5 Rb1 38. Kc4 Rc1+ 39. Kb5 h5 40. c6 g4 41. hxg4 hxg4 1/2-1/2

[Event "Bled op"]
[Site "Bled"]
[Date "1998.??.??"]
[Round "3"]
[White "Mazi, Leon"]
[Black "Sermek, Drazen"]
[Result "1-0"]
[WhiteElo "2420"]
[BlackElo "2510"]
[PlyCount "116"]
[EventDate "1998.03.21"]
[Source "www.chesslib.no"]
[SourceDate "2004.05.04"]

1. e4 e5 2. Nf3 Nc6 3. Bb5 a6 4. Ba4 d6 5. Bxc6+ bxc6 6. d4 exd4 7. Qxd4 c5 8. Qc3 Nf6 9. Bg5 Be7 10. Nbd2 O-O 11. O-O Bb7 12. Rfe1 Re8 13. e5 Nd5 14. Bxe7 Rxe7 15. Qb3 Bc6 16. exd6 cxd6 17. Rxe7 Qxe7 18. Re1 Qc7 19. Qc4 Rb8 20. b3 h6 21. a4 a5 22. Qg4 Nb4 23. Ne4 Qe7 24. Nxc5 Bxf3 25. Qxb4 Rxb4 26. Rxe7 Rg4 27. Re8+ Kh7 28. Nd7 Rxg2+ 29. Kf1 g5 30. Re3 g4 31. Nf6+ Kg6 32. Nxg4 Bc6 33. Rg3 Rxg3 34. hxg3 Bf3 35. Ne3 d5 36. Ke1 Kf6 37. Kd2 Ke5 38. c3 f5 39. Nc2 f4 40. Ne1 Ke4 41. Nxf3 Kxf3 42. b4 h5 43. bxa5 Kxf2 44. gxf4 h4 45. f5 h3 46. f6 h2 47. f7 h1=Q 48. f8=Q+ Kg3 49. Qd6+ Kg4 50. Qe6+ Kf4 51. a6 Qg2+ 52. Qe2 Qg1 53. Kc2 Qa1 54. Kb3 Qb1+ 55. Qb2 Qd3 56. a7 Qa6 57. Qf2+ Ke5 58. Qc5 Ke6 1-0

[Event "Leeuwarden op"]
[Site "Leeuwarden"]
[Date "1993.??.??"]
[Round "?"]
[White "Visser, Y."]
[Black "Piket, J."]
[Result "0-1"]
[WhiteElo "2335"]
[BlackElo "2590"]
[PlyCount "60"]
[EventDate "1993.08.??"]
[Source "www.chesslib.no"]
[SourceDate "2004.05.04"]

1. e4 e5 2. Nf3 Nc6 3. Bb5 a6 4. Ba4 d6 5. Bxc6+ bxc6 6. d4 exd4 7. Nxd4 c5 8. Ne2 Ne7 9. Nbc3 Rb8 10. O-O Ng6 11. b3 Be7 12. Nd5 O-O 13. Bb2 f5 14. exf5 Rxf5 15. Ng3 Rf7 16. f4 Qf8 17. Qd3 Bb7 18. Rae1 Rd8 19. Nh5 Bh4 20. g3 Rf5 21. Nxc7 Rxh5 22. Ne6 Qf7 23. Nxd8 Bxd8 24. f5 Nf8 25. Rf4 Bg5 26. Rg4 a5 27. f6 a4 28. fxg7 Ng6 29. c4 Rxh2 30. Ree4 Qf2# 0-1

[Event "Budapest FS07 GM"]
[Site "Budapest"]
[Date "1993.??.??"]
[Round "8"]
[White "Lengyel, Bela"]
[Black "Davies, Nigel R"]
[Result "1/2-1/2"]
[WhiteElo "2420"]
[BlackElo "2505"]
[PlyCount "81"]
[EventDate "1993.07.??"]
[Source "ChessBase"]

1. e4 e5 2. Nf3 Nc6 3. Bb5 a6 4. Ba4 d6 5. Bxc6+ bxc6 6. d4 exd4 7. Nxd4 c5 8. Nb3 Nf6 9. Nc3 Be7 10. O-O O-O 11. Re1 Re8 12. Bg5 h6 13. Bh4 Be6 14. Na5 Qd7 15. Bg3 Rab8 16. f4 Bg4 17. Qd3 Rxb2 18. h3 Bxh3 19. Nc4 Rb4 20. a3 Rxc4 21. Qxc4 Nh5 22. Re3 Bf6 23. e5 Be6 24. Qxa6 dxe5 25. Rd1 Qe7 26. f5 Nxg3 27. Rxg3 Bh4 28. Rf3 Bc8 29. Qc6 e4 30. Rf4 Rd8 31. Rxe4 Rxd1+ 32. Nxd1 Qg5 33. Qe8+ Kh7 34. Qxc8 Qd2 35. Qe8 Bg3 36. Qb5 Qxd1+ 37. Qf1 Bh2+ 38. Kf2 Bg3+ 39. Kg1 Bh2+ 40. Kf2 Bg3+ 41. Kg1 1/2-1/2

[Event "BL2-N 9596"]
[Site "GER"]
[Date "1996.??.??"]
[Round "?"]
[White "Polzin, Rainer"]
[Black "Slobodjan, Roman"]
[Result "0-1"]
[WhiteElo "2400"]
[BlackElo "2525"]
[PlyCount "64"]
[EventDate "1995.10.??"]
[Source "www.chesslib.no"]
[SourceDate "2004.05.04"]

1. e4 e5 2. Nf3 Nc6 3. Bb5 a6 4. Ba4 Nf6 5. O-O d6 6. Bxc6+ bxc6 7. d4 exd4 8. Qxd4 Be7 9. e5 c5 10. Qd3 dxe5 11. Qxd8+ Bxd8 12. Nxe5 O-O 13. Nc6 Nd5 14. Nxd8 Rxd8 15. c4 Nb4 16. Na3 Nd3 17. b3 Bg4 18. f3 Bf5 19. Nc2 c6 20. Bg5 f6 21. Bh4 a5 22. Ne1 Nf4 23. Bf2 a4 24. bxa4 Ne6 25. g4 Bg6 26. Bg3 Rxa4 27. f4 Nd4 28. f5 Bf7 29. Bc7 Rd7 30. Bb6 Bxc4 31. Rf2 Rb7 32. Rb1 Ne2+ 0-1

[Event "Peer Gynt"]
[Site "Gausdal NOR"]
[Date "1990.??.??"]
[Round "6"]
[White "Ernst, Thomas"]
[Black "Tisdall, Jonathan D"]
[Result "1/2-1/2"]
[WhiteElo "2440"]
[BlackElo "2480"]
[PlyCount "40"]
[EventDate "1990.07.??"]
[Source "www.chesslib.no"]
[SourceDate "2004.05.04"]

1. e4 e5 2. Nf3 Nc6 3. Bb5 a6 4. Ba4 d6 5. Bxc6+ bxc6 6. d4 exd4 7. Qxd4 c5 8. Qd3 g6 9. Nc3 Bg7 10. Bg5 f6 11. Bf4 Be6 12. O-O-O Nh6 13. Rhe1 O-O 14. h3 Qb8 15. Kb1 Qb7 16. Nd5 Rae8 17. Qb3 Qc6 18. Qc4 Qb7 19. Qb3 Qc6 20. Qc4 Qb7 1/2-1/2

[Event "Canete"]
[Site "Canete"]
[Date "1994.??.??"]
[Round "3"]
[White "Gomez Esteban, Juan M"]
[Black "Alvarez Ibarra, Rafael"]
[Result "1-0"]
[WhiteElo "2485"]
[BlackElo "2435"]
[PlyCount "63"]
[EventDate "1994.05.??"]
[Source "www.chesslib.no"]
[SourceDate "2004.05.04"]

1. e4 e5 2. Nf3 Nc6 3. Bb5 a6 4. Ba4 Nf6 5. O-O d6 6. Bxc6+ bxc6 7. d4 exd4 8. Qxd4 Be7 9. Bg5 O-O 10. Nc3 Nd7 11. Bxe7 Qxe7 12. Rfe1 Re8 13. Qd2 Ne5 14. Nxe5 Qxe5 15. h3 Bb7 16. f4 Qf6 17. e5 Qg6 18. Re3 h6 19. Rae1 Rad8 20. Qf2 dxe5 21. f5 Qd6 22. Ne4 Qf8 23. f6 g6 24. R3e2 Bc8 25. Qa7 Qb4 26. Qxc7 Qxb2 27. Kh2 Bf5 28. Nd6 Rd7 29. Qxc6 Qb8 30. Nxf5 Rc7 31. Qf3 e4 32. Qg3 1-0

[Event "Amsterdam SB"]
[Site "Amsterdam NED"]
[Date "1973.??.??"]
[Round "12"]
[White "Ree, Hans"]
[Black "Donner, Jan-Hein"]
[Result "1/2-1/2"]
[WhiteElo "2440"]
[BlackElo "2480"]
[PlyCount "42"]
[EventDate "1973.??.??"]
[Source "www.chesslib.no"]
[SourceDate "2004.05.04"]

1. e4 e5 2. Nf3 Nc6 3. Bb5 a6 4. Ba4 d6 5. O-O Nf6 6. Bxc6+ bxc6 7. d4 exd4 8. Qxd4 c5 9. Qd3 Bb7 10. Nc3 Be7 11. Bf4 O-O 12. Rad1 Qe8 13. Rfe1 Rd8 14. Bg5 h6 15. Bh4 Nh7 16. Nd5 Bxh4 17. Nxh4 Bxd5 18. exd5 Qb5 19. Qc3 Qd7 20. Qd3 Nf6 21. h3 Rde8 1/2-1/2

[Event "It (a)"]
[Site "?"]
[Date "2002.??.??"]
[Round "9"]
[White "Kokarev Dmitry"]
[Black "Novichkov Valery"]
[Result "1/2-1/2"]
[WhiteElo "2478"]
[BlackElo "2420"]
[PlyCount "67"]
[EventDate "2002.??.??"]
[Source "www.chesslib.no"]
[SourceDate "2004.05.04"]

1. e4 e5 2. Nf3 Nc6 3. Bb5 a6 4. Ba4 d6 5. Bxc6+ bxc6 6. d4 exd4 7. Nxd4 c5 8. Nb3 Nf6 9. O-O Be7 10. Na5 O-O 11. Nc3 Bd7 12. Bf4 Rb8 13. b3 Ng4 14. Qd2 Bf6 15. Rad1 Re8 16. h3 Bxc3 17. Qxc3 Rxe4 18. Bxd6 cxd6 19. hxg4 Bb5 20. Rfe1 Rxg4 21. a4 Be8 22. Nc4 Rg6 23. Nxd6 Bc6 24. Qe5 Rxg2+ 25. Kf1 Qh4 26. Ne4 Re8 27. Qxe8+ Bxe8 28. Kxg2 Bc6 29. f3 f5 30. Rh1 Qe7 31. Nc3 Qe3 32. Nd5 Qg5+ 33. Kf2 f4 34. c4 1/2-1/2

[Event "Swidnica op"]
[Site "Swidnica"]
[Date "1999.06.28"]
[Round "1"]
[White "Pinski, Jan"]
[Black "Malaniuk, Vladimir P"]
[Result "1/2-1/2"]
[WhiteElo "2346"]
[BlackElo "2552"]
[PlyCount "74"]
[EventDate "1999.06.28"]
[Source "www.chesslib.no"]
[SourceDate "2004.05.04"]

1. e4 e5 2. Nf3 Nc6 3. Bb5 a6 4. Ba4 d6 5. O-O Nf6 6. Bxc6+ bxc6 7. d4 Be7 8. Nc3 Nd7 9. b3 Bf6 10. Bb2 O-O 11. Re1 Bb7 12. Qd2 Re8 13. d5 c5 14. Ne2 g6 15. c4 Bg7 16. Qc2 Rf8 17. a3 a5 18. Ng3 h5 19. Nf1 Bc8 20. Bc3 Nb8 21. b4 axb4 22. axb4 Rxa1 23. Rxa1 cxb4 24. Bxb4 f5 25. c5 Na6 26. Ba3 dxc5 27. Bxc5 Nxc5 28. Qxc5 fxe4 29. N3d2 Bf5 30. Qc4 Rf7 31. Nxe4 Bxe4 32. Qxe4 Qf6 33. Ra2 Bf8 34. Ne3 Bc5 35. h3 Kg7 36. Rc2 Bd4 37. g3 Bxe3 1/2-1/2

[Event "Leningrad (Russia)"]
[Site "?"]
[Date "1982.??.??"]
[Round "?"]
[White "Dvoirys Semen I"]
[Black "Yuneev Alexey"]
[Result "1/2-1/2"]
[WhiteElo "2470"]
[BlackElo "2427"]
[PlyCount "79"]
[EventDate "1982.??.??"]
[Source "www.chesslib.no"]
[SourceDate "2004.05.04"]

1. e4 e5 2. Nf3 Nc6 3. Bb5 a6 4. Ba4 Nf6 5. O-O d6 6. Bxc6+ bxc6 7. d4 Bg4 8. dxe5 Nxe4 9. Qd3 d5 10. Nbd2 Nxd2 11. Bxd2 Be7 12. Nd4 Qd7 13. b4 c5 14. bxc5 Bxc5 15. h3 Be6 16. Nb3 Be7 17. Qg3 d4 18. Rfd1 c5 19. c3 d3 20. c4 Bxc4 21. Rac1 Qe6 22. Bg5 Bxg5 23. Qxg5 O-O 24. Nxc5 Qd5 25. Qf4 Qxc5 26. Rxc4 Qb5 27. a4 Qb3 28. Rd2 Rad8 29. Qe4 Rfe8 30. Rd4 Rxd4 31. Qxd4 Qb1+ 32. Kh2 Qe1 33. Rxd3 Rxe5 34. Qa7 Re8 35. Rf3 Qe6 36. g3 Rf8 37. Rf4 h6 38. Rb4 Rc8 39. Rb8 Rxb8 40. Qxb8+ 1/2-1/2

[Event "Hoogovens-B"]
[Site "Hoogovens-B Wijk aan Zee"]
[Date "1974.??.??"]
[Round "1"]
[White "Tarjan, James E"]
[Black "Cuijpers, Frans A"]
[Result "0-1"]
[WhiteElo "2475"]
[BlackElo "2420"]
[PlyCount "78"]
[EventDate "1974.??.??"]
[Source "www.chesslib.no"]
[SourceDate "2004.05.04"]

1. e4 e5 2. Nf3 Nc6 3. Bb5 a6 4. Ba4 d6 5. Bxc6+ bxc6 6. d4 Bg4 7. c3 f6 8. h3 Bd7 9. Nh4 g6 10. f4 f5 11. Nxf5 Bxf5 12. exf5 Qh4+ 13. Kf1 Ne7 14. Qf3 exd4 15. g3 Qf6 16. fxg6 hxg6 17. Kg2 Rb8 18. b3 Kd8 19. Bb2 Nf5 20. cxd4 c5 21. Nc3 Nxd4 22. Nd5 Qf5 23. Bxd4 cxd4 24. Rac1 c5 25. g4 Qf7 26. Rhe1 Rb7 27. Nf6 Kc7 28. g5 Kb6 29. Re2 Bg7 30. Nd5+ Ka7 31. Qe4 Qd7 32. Qf3 Re8 33. Rce1 Rxe2+ 34. Rxe2 Qf5 35. Ne7 Qd7 36. Qd5 Qb5 37. Kf3 Qd3+ 38. Kf2 Qxh3 39. Nc6+ Kb6 0-1

[Event "IND-ch"]
[Site "IND"]
[Date "1994.??.??"]
[Round "1"]
[White "Thipsay, Praveen Mahadeo"]
[Black "Muralidharan, MB."]
[Result "1/2-1/2"]
[WhiteElo "2475"]
[BlackElo "2420"]
[PlyCount "106"]
[EventDate "1994.??.??"]
[Source "ChessBase"]

1. e4 e5 2. Nf3 Nc6 3. Bb5 a6 4. Ba4 d6 5. Bxc6+ bxc6 6. d4 exd4 7. Nxd4 c5 8. Ne2 g6 9. Nbc3 Bg7 10. Be3 Rb8 11. Rb1 Ne7 12. Qd2 O-O 13. Bh6 Bxh6 14. Qxh6 f5 15. O-O fxe4 16. Nxe4 Nf5 17. Qd2 Qe7 18. N2g3 Nxg3 19. Nxg3 Qf7 20. a3 Bb7 21. Rfe1 Bc6 22. f3 Rfe8 23. b3 Rxe1+ 24. Rxe1 Re8 25. Rxe8+ Qxe8 26. Qc3 Bd5 27. Kf2 Qe7 28. Qd3 Bb7 29. Qc4+ Kg7 30. Qg4 Kh6 31. h4 Qf6 32. Ne2 Bd5 33. Nf4 Bf7 34. Kg1 Qe5 35. Kh2 c4 36. b4 d5 37. c3 Qxc3 38. Qg5+ Kg7 39. Nh5+ Kf8 40. Qd8+ Be8 41. Nf6 Qe5+ 42. Kh3 Qe7 43. Qxe7+ Kxe7 44. Nxd5+ Kd6 45. Nc3 Ke5 46. Ne2 c3 47. Nxc3 Kd4 48. Ne4 Kc4 49. Kg4 Bb5 50. Nc5 a5 51. Kg5 axb4 52. axb4 Kxb4 53. Ne6 c5 1/2-1/2